000 01377cam a22003617a 4500
003 CHAP
005 20220329134337.0
008 971013s1971 r 00010 d
010 _a19059
011 _a20031
035 _a24118
040 _cCHAP
090 _aTesis
100 0 0 _aDíaz Hernández, Moisés.
_933507
245 1 3 _aLa toma de decisiones en el empleo de nueva tecnología agrícola y su efecto sobre los rendimientos unitarios de maíz de temporal; un estudio de algunos factores socio-psicológicos y físicos que intervienen en el proceso, en una comunidad del Plan P
260 _aChapingo, Méx. :
_bEl autor,
_c1971
300 _a111 h.
502 _aTesis (M. en C. (Divulgación)) -- ENA. Colegio de Postgraduados
590 _aALEPH
_b10
_c20130110
_lUCH01
_h1242
590 _aBATCH-UPD
_b10
_c20130110
_lUCH01
_h1931
590 _aBATCH-UPD
_b10
_c20130410
_lUCH01
_h1255
590 _aBATCH-UPD
_b10
_c20130914
_lUCH01
_h1709
590 _aCONVERSION
_b10
_c20130109
_lUCH01
_h1312
650 1 4 _aAgricultura
_xInnovaciones tecnológicas.
_91565
650 1 4 _aMaíz
_xRendimiento.
_971051
650 1 4 _aPlan Puebla.
_988678
650 1 4 _aToma de decisiones.
_9113662
901 _aBK
942 _cFOLL
949 _bBC
_cTES
_d-55748
_eTS1
_i24118
_si
949 _bBC
_cTES
_d-55749
_eTS2
_fc.2
_i24118
_si
949 _bBC
_cTES
_d-55750
_eTS2
_fc.3
_i24118
_si
999 _c19059
_d19059